Arte románico de Cataluña : (Record no. 147464)

MARC details
000 -LEADER
campo de control de longitud fija 01298nam a2200301 i 4500
001 - NÚMERO DE CONTROL
campo de control 147464
003 - IDENTIFICADOR DE NÚMERO DE CONTROL
campo de control ES-MaACL
005 - FECHA Y HORA DE LA ÚLTIMA TRANSACCIÓN
campo de control 20251016164330.0
007 - CAMPO FIJO DE DESCRIPCIÓN FÍSICA--INFORMACIÓN GENERAL
campo de control de longitud fija t|
008 - DATOS DE LONGITUD FIJA--INFORMACIÓN GENERAL
campo de control de longitud fija 210812s2001 sp a a00110 spa d
020 ## - NÚMERO INTERNACIONAL ESTÁNDAR DEL LIBRO
Número Internacional Estándar del Libro 84-8043-080-X
080 ## - NÚMERO DE LA CLASIFICACIÓN DECIMAL UNIVERSAL
Número de la Clasificación Decimal Universal 7.033.4(460.23)(064.3)
110 1# - ENTRADA PRINCIPAL--NOMBRE DE ENTIDAD CORPORATIVA
Nombre de entidad corporativa o nombre de jurisdicción como elemento de entrada Museu Nacional d'Art de Catalunya.
9 (RLIN) 5944
245 10 - MENCIÓN DEL TÍTULO
Título Arte románico de Cataluña :
Resto del título colecciones del Museu Nacional d'Art de Catalunya : [exposición] Centro Cultural del Conde Duque, 11 de mayo al 24 de junio, Madrid 2001 /
Mención de responsabilidad, etc. [autores del catálogo, Jordi Casanovas i Miró, Jordi Camps i Sòria, Montserrat Pagès i Paretas].
250 ## - MENCION DE EDICION
Mención de edición 1ª ed.
260 ## - PUBLICACIÓN, DISTRIBUCIÓN, ETC.
Lugar de publicación, distribución, etc. Barcelona :
Nombre del editor, distribuidor, etc. Museu Nacional d'Art de Catalunya,
Fecha de publicación, distribución, etc. 2001.
300 ## - DESCRIPCIÓN FÍSICA
Extensión 95 p. :
Otras características físicas il. col. y n. ;
Dimensiones 30 cm.
504 ## - NOTA DE BIBLIOGRAFÍA, ETC.
Nota de bibliografía, etc. Referencias bibliográficas.
650 #4 - PUNTO DE ACCESO ADICIONAL DE MATERIA--TÉRMINO DE MATERIA
Término de materia o nombre geográfico como elemento de entrada Arte románico-
Subdivisión geográfica Cataluña-
Subdivisión de forma Exposiciones.
9 (RLIN) 173188
655 #7 - TERMINO DE INDIZACIÓN--GENERO/FORMA
Fuente del término tgfbne
9 (RLIN) 193628
Datos o término principal de género/forma Catálogos de exposiciones
700 1# - ENTRADA AGREGADA--NOMBRE PERSONAL
Nombre de persona Casanovas Miró, Jordi.
9 (RLIN) 173189
700 1# - ENTRADA AGREGADA--NOMBRE PERSONAL
Nombre de persona Camps i Sòria, Jordi.
9 (RLIN) 151045
700 1# - ENTRADA AGREGADA--NOMBRE PERSONAL
Nombre de persona Pagès i Paretas, Montserrat,
Fechas asociadas al nombre 1951-
9 (RLIN) 173190
710 2# - ENTRADA AGREGADA--NOMBRE DE ENTIDAD CORPORATIVA
Nombre de entidad corporativa o nombre de jurisdicción como elemento de entrada Centro Cultural del Conde Duque.
9 (RLIN) 2579
852 4# - LOCALIZACIÓN
Ubicación ES-MaACL
Número de control de estantería A-14708
itemnumber 152758
Sublocalización o colección R.151979
Ubicación en estantería Depósito 1
Signatura antigua Olim: N-7708
Donativo/Legado Donación: Editorial
942 ## - ELEMENTOS DE ENTRADA SECUNDARIOS (KOHA)
Fuente del sistema de clasificación o colocación Clasificación decimal universal
Tipo de ítem Koha Libro impreso
Holdings
Estatus retirado Estado de pérdida Fuente del sistema de clasificación o colocación Estado de daño No para préstamo Biblioteca de origen Biblioteca actual Ubicación en estantería Fecha de adquisición Fuente de adquisición Total de préstamos Signatura topográfica completa Código de barras Visto por última vez Precio de reemplazo Tipo de ítem Koha
    Clasificación decimal universal     Biblioteca del Ateneo de Madrid Biblioteca del Ateneo de Madrid Depósito 1 12/08/2021 Donación   A-14708 1202620 23/02/2023 23/02/2023 Libro impreso